El Fons Alexandre Galí i Coll de l'Arxiu Nacional de Catalunya (1908-1969) / a cura d'Amèlia Castan i Ranch
Descripción Física:
451 p. , 29 cm
Otros Autores:
Castan i Ranch, Amèlia, ed
MARC
| LEADER | 00000nam a2200000Ia 4500 | ||
|---|---|---|---|
| 001 | 11030 | ||
| 003 | BGR | ||
| 005 | 20260324175211.0 | ||
| 008 | 160829s1995 xx 000 0 cat d | ||
| 080 | |a A-1-84 | ||
| 110 | 2 | |a Arxiu Nacional de Catalunya |9 55117 | |
| 245 | |a El Fons Alexandre Galí i Coll de l'Arxiu Nacional de Catalunya (1908-1969) / a cura d'Amèlia Castan i Ranch | ||
| 260 | |a [Sant Cugat del Vallès] : |b Arxiu Nacional de Catalunya, Àrea de Fons Històrics, |c 1995 | ||
| 300 | |a 451 p. , 29 cm | ||
| 590 | |a Al llom: Fons 253. | ||
| 590 | |a A la coberta: Generalitat de Catalunya, Departament de Cultura | ||
| 610 | 2 | 0 | |a Arxiu Nacional de Catalunya |v Catàlegs |9 56080 |
| 650 | |a Galí, Alexandre |x Arxius |x Catàlegs |9 19956 | ||
| 700 | |a Castan i Ranch, Amèlia, ed. |9 19625 | ||
| 710 | 2 | |a Catalunya. |b Departament de Cultura |9 52819 | |
| 710 | 2 | |a Arxiu Nacional de Catalunya |b Àrea de Fons Històrics |9 55117 | |
| 901 | |a Arxiu | ||
| 942 | |n 1 |2 udc |c MON | ||
| 952 | |0 0 |1 0 |4 0 |6 A184 |7 1 |9 41385 |a Arxiu |b Arxiu |d 2016-12-01 |l 0 |o A-1-84 |p 11030 |r 2016-12-01 00:00:00 |w 2016-12-01 |y ARXIU | ||
| 999 | |c 43192 |d 43192 | ||